000
00261nam a2200121 4500
999
_c
9494
_d
9494
082
_a
001 SAB
100
_a
Sabri, S.M
245
_a
Emporium Exploring General Knowledge
250
_a
2nd
260
_a
Lahore:
_c
1993.
_b
Emporium
300
_a
361p. ;
942
_c
BK